MLB American League West Champions - Statistics

General Stats
  • This quiz has been taken 147 times
    22 since last reset
  • The average score is 31 of 32
Answer Stats
Hint Answer % Correct
2024 Houston Astros
100%
2023 Houston Astros
100%
2022 Houston Astros
100%
2021 Houston Astros
100%
2019 Houston Astros
100%
2018 Houston Astros
100%
2017 Houston Astros
100%
2020 Oakland Athletics
100%
2013 Oakland Athletics
100%
2012 Oakland Athletics
100%
2006 Oakland Athletics
100%
2003 Oakland Athletics
100%
2002 Oakland Athletics
100%
2000 Oakland Athletics
100%
2025 Seattle Mariners
100%
2001 Seattle Mariners
100%
1997 Seattle Mariners
100%
1995 Seattle Mariners
100%
2016 Texas Rangers
100%
2015 Texas Rangers
100%
2011 Texas Rangers
100%
2010 Texas Rangers
100%
1999 Texas Rangers
100%
1998 Texas Rangers
100%
1996 Texas Rangers
100%
1994 Texas Rangers
100%
2014 Los Angeles Angels
94%
2009 Los Angeles Angels
94%
2008 Los Angeles Angels
94%
2007 Los Angeles Angels
94%
2005 Los Angeles Angels
94%
2004 Anaheim Angels
31%
No matching quizzes found
Score Distribution
Percent of People with Each Score
Percentile by Number Answered
Your Score History
You have not taken this quiz since the last reset